[Event "Lichtenberger Sommer 2018"]
[Site "?"]
[Date "2018.08.19"]
[Round "2.30"]
[White "Stark, Ingo"]
[Black "Spors, Carl Philip"]
[Result "1-0"]
[WhiteElo "2107"]
[BlackElo "1902"]
[PlyCount "129"]
[EventDate "2018.??.??"]
[WhiteTeam "TSG Oberschöneweide"]
[BlackTeam "Lasker Steglitz-Wilmersdorf"]

1. e4 c5 2. Nf3 d6 3. d4 cxd4 4. Nxd4 Nf6 5. Nc3 a6 6. h3 e5 7. Nde2 h5 8. g3
Be6 9. Bg2 b5 10. Be3 Nbd7 11. Qd2 Rc8 12. O-O Nb6 13. b3 b4 14. Nd5 Nbxd5 15.
exd5 Bf5 16. c4 bxc3 17. Nxc3 Qd7 18. Kh2 Be7 19. Rac1 O-O 20. Qe2 Qb7 21. f4
e4 22. Bd4 Rxc3 23. Bxc3 Nxd5 24. Qxh5 Bg6 25. Qe2 Nxc3 26. Rxc3 f5 27. Rfc1
Bf6 28. Rc6 d5 29. Qxa6 Qxa6 30. Rxa6 d4 31. Bf1 Rd8 32. Rac6 d3 33. Rc8 Rxc8
34. Rxc8+ Kf7 35. Kg2 Bh5 36. Kf2 Bd4+ 37. Ke1 Ke7 38. Rc4 Be3 39. g4 Bg6 40.
gxf5 Bxf5 41. Bg2 d2+ 42. Kd1 Bxf4 43. Bxe4 Bxh3 44. Bf3 g5 45. Rxf4 gxf4 46.
Kxd2 Kd6 47. Kc3 Kc5 48. a4 Bf1 49. b4+ Kb6 50. Kd4 Bh3 51. Ke4 Bd7 52. Bd1 Kc6
53. Bb3 Kb6 54. Kxf4 Bc6 55. Ke5 Be8 56. Bd1 Bc6 57. Kd4 Be8 58. Bc2 Bh5 59.
Bd3 Be8 60. a5+ Kc7 61. Kc5 Kb7 62. b5 Bd7 63. a6+ Ka8 64. b6 Bc8 65. Be4+ 1-0

[Event "Lichtenberger Sommer 2018"]
[Site "?"]
[Date "2018.08.19"]
[Round "2.31"]
[White "Miowitz, Torsten"]
[Black "Schliebener, Stephan"]
[Result "0-1"]
[WhiteElo "1858"]
[BlackElo "2131"]
[PlyCount "118"]
[EventDate "2018.??.??"]
[WhiteTeam "Lasker Steglitz-Wilmersdorf"]
[BlackTeam "BSV 63 Chemie Weißensee"]

1. d4 f5 2. Bg5 c5 3. c3 Qb6 4. Qc1 e6 5. e3 h6 6. Bf4 Nf6 7. h4 g6 8. Bd3 d6
9. Nd2 Nbd7 10. Ngf3 Qc7 11. e4 e5 12. dxe5 Nxe5 13. Bxe5 dxe5 14. Qc2 f4 15.
Nc4 Ng4 16. a4 Be6 17. Nfd2 Be7 18. f3 Nf6 19. Nf1 Nh5 20. O-O-O O-O-O 21. Qf2
Kb8 22. g4 fxg3 23. Nxg3 Nf4 24. Bf1 Rxd1+ 25. Kxd1 Qd7+ 26. Kc1 Qxa4 27. Qc2
Qa1+ 28. Qb1 Qxb1+ 29. Kxb1 Bf6 30. h5 Kc7 31. hxg6 Nxg6 32. Ne3 Bg5 33. Ngf5
a6 34. Bc4 Bxc4 35. Nxc4 b5 36. Nce3 Bxe3 37. Nxe3 h5 38. Nd5+ Kd6 39. Rg1 Rh6
40. Ne3 Ne7 41. Rg7 Rh8 42. b4 cxb4 43. cxb4 h4 44. Kb2 h3 45. Rg1 Rf8 46. Rg3
Rh8 47. Rg1 Ke6 48. Kc3 Rf8 49. Rf1 h2 50. Rh1 Rxf3 51. Kd2 Rf2+ 52. Kc3 Nc6
53. Ng4 Rf3+ 54. Kd2 Rh3 55. Rxh2 Rxh2+ 56. Nxh2 Nxb4 57. Kc3 a5 58. Ng4 Na6
59. Ne3 Nc5 0-1

[Event "Lichtenberger Sommer 2018"]
[Site "?"]
[Date "2018.08.19"]
[Round "2.32"]
[White "Segerberg, Tomas"]
[Black "Dreke, Frank"]
[Result "1-0"]
[WhiteElo "2101"]
[BlackElo "1932"]
[PlyCount "73"]
[EventDate "2018.??.??"]
[WhiteTeam "SG NARVA Berlin"]
[BlackTeam "SV Mattnetz Berlin"]

1. c4 c5 2. Nf3 Nc6 3. d4 cxd4 4. Nxd4 d5 5. Nc3 e6 6. cxd5 exd5 7. e3 Nf6 8.
Bb5 Bd7 9. O-O Bc5 10. Nxc6 bxc6 11. Be2 O-O 12. b3 a5 13. Bb2 Be6 14. Rc1 Ba7
15. Na4 Qd6 16. Qc2 c5 17. Bxf6 gxf6 18. Rfd1 Qe5 19. Bf3 Rac8 20. Qd2 d4 21.
Qxa5 Bb8 22. Rxc5 Rxc5 23. Qxc5 Qxh2+ 24. Kf1 Bc8 25. Nb2 dxe3 26. fxe3 Ba6+
27. Nc4 Rc8 28. Qh5 Rxc4 29. bxc4 Bxc4+ 30. Ke1 Qg3+ 31. Kd2 Qf2+ 32. Be2 Qxg2
33. Rc1 Ba6 34. Qg4+ Qxg4 35. Bxg4 Be5 36. a4 Kg7 37. Be2 1-0

[Event "Lichtenberger Sommer 2018"]
[Site "?"]
[Date "2018.08.19"]
[Round "2.33"]
[White "Bruening, Wolfgang"]
[Black "Groß, Thorsten"]
[Result "0-1"]
[WhiteElo "1841"]
[BlackElo "2170"]
[PlyCount "54"]
[EventDate "2018.??.??"]
[WhiteTeam "vereinslos"]
[BlackTeam "SC Weisse Dame (Berlin)"]

1. g3 g6 2. Bg2 Bg7 3. c4 Nf6 4. Nc3 O-O 5. Nf3 d6 6. O-O c6 7. d3 h6 8. Bd2
Qc7 9. Qc1 Kh7 10. b4 e5 11. a4 Be6 12. b5 Nbd7 13. Qa3 Ne8 14. Ne4 Ndf6 15.
Nxf6+ Nxf6 16. Rac1 Rfd8 17. Bc3 Nd7 18. Qb2 a6 19. Nd2 axb5 20. axb5 Nc5 21.
Qc2 cxb5 22. cxb5 Ra2 23. Qb1 Rda8 24. Rc2 Rxc2 25. Qxc2 Na4 26. Nb1 e4 27. Rc1
Nxc3 0-1

[Event "Lichtenberger Sommer 2018"]
[Site "?"]
[Date "2018.08.19"]
[Round "2.34"]
[White "Jeremic, Dusan"]
[Black "Lichii, Elizaveta"]
[Result "1-0"]
[WhiteElo "2123"]
[BlackElo "1807"]
[PlyCount "57"]
[EventDate "2018.??.??"]
[WhiteTeam "SF 1903 Berlin"]
[BlackTeam "vereinslos"]

1. e4 c5 2. Bc4 e6 3. Qe2 a6 4. a4 Nc6 5. Nf3 d6 6. c3 Nf6 7. d3 Be7 8. Bb3 O-O
9. O-O Bd7 10. Bg5 b5 11. Bc2 b4 12. Nbd2 Bc8 13. d4 bxc3 14. bxc3 cxd4 15.
Nxd4 Qc7 16. Rac1 Bb7 17. f4 Qb6 18. Kh1 Nd7 19. Nxc6 Bxg5 20. Nd4 Bf6 21. N2f3
Qc7 22. Bd3 Nc5 23. Bb1 Nxa4 24. e5 Nxc3 25. Qc2 Be4 26. Qxe4 Nxe4 27. Rxc7 Bd8
28. Rc6 dxe5 29. fxe5 1-0

[Event "Lichtenberger Sommer 2018"]
[Site "?"]
[Date "2018.08.19"]
[Round "2.35"]
[White "Bender, Sebastian"]
[Black "Poseck, Steffen"]
[Result "0-1"]
[WhiteElo "1896"]
[BlackElo "2052"]
[PlyCount "114"]
[EventDate "2018.??.??"]
[WhiteTeam "SC Zugzwang 95 (Berlin)"]
[BlackTeam "BSV 63 Chemie Weißensee"]

1. e4 e6 2. d4 d5 3. Nd2 dxe4 4. Nxe4 Nf6 5. Nxf6+ Qxf6 6. Nf3 h6 7. g3 b6 8.
Bf4 Bb7 9. Bg2 Bd6 10. Be5 Bxe5 11. dxe5 Qe7 12. O-O Nd7 13. Qe2 Qc5 14. Rfe1
O-O 15. Rad1 Rad8 16. Rd2 Nb8 17. Red1 Rxd2 18. Rxd2 Nc6 19. c3 Ba8 20. Rd7 Nb8
21. Rd4 Bd5 22. Qc2 Nc6 23. Rh4 Bxf3 24. Bxf3 Nxe5 25. Be2 Rd8 26. b4 Qc6 27.
Re4 Qd6 28. Rd4 Qe7 29. Rxd8+ Qxd8 30. f4 Ng6 31. Bd3 Ne7 32. Be4 Qd7 33. Kf2
Nc8 34. Bh7+ Kf8 35. Bd3 Nd6 36. a4 Qc6 37. Ke3 a5 38. b5 Qc5+ 39. Kf3 Qd5+ 40.
Ke3 Qh1 41. Qd2 Qa1 42. Qc2 Nb7 43. Be4 Qe1+ 44. Kf3 Nd6 45. Bd3 Qa1 46. Kg2
Ke7 47. g4 Nb7 48. Bc4 Nc5 49. Bb3 Qe1 50. Kf3 g6 51. Bc4 f5 52. gxf5 gxf5 53.
Be2 Qh1+ 54. Kg3 Ne4+ 55. Kh3 Qg1 56. Bf3 Nf2+ 57. Kh4 Qxh2# 0-1

[Event "Lichtenberger Sommer 2018"]
[Site "?"]
[Date "2018.08.19"]
[Round "2.37"]
[White "Bauder, Herbert"]
[Black "Rohde, Wolfgang"]
[Result "0-1"]
[WhiteElo "1886"]
[BlackElo "2085"]
[PlyCount "80"]
[EventDate "2018.??.??"]
[WhiteTeam "Lasker Steglitz-Wilmersdorf"]
[BlackTeam "SC Friesen Lichtenberg"]

1. d4 c5 2. d5 Nf6 3. Nf3 g6 4. c4 d6 5. Nc3 Bg7 6. e4 O-O 7. Bd3 Na6 8. O-O e6
9. h3 Nc7 10. a4 Nh5 11. Bg5 f6 12. Bd2 e5 13. Qc1 f5 14. Bg5 Qe8 15. Bd2 Qe7
16. Re1 fxe4 17. Bxe4 Nf4 18. Kh2 g5 19. Ne2 Qf6 20. Nxf4 exf4 21. Bc3 Qh6 22.
Bxg7 Qxg7 23. Ra3 Bd7 24. Qc3 h6 25. Qxg7+ Kxg7 26. a5 Rfe8 27. Rb3 Rab8 28.
Bd3 Rxe1 29. Nxe1 Na6 30. Be4 Nb4 31. f3 Kf6 32. Kg1 Ke5 33. Nd3+ Nxd3 34. Bxd3
Kd4 35. Kf2 b5 36. axb6 Rxb6 37. Rxb6 axb6 38. Ke2 Ba4 39. Kd2 Bb3 40. Be2 Bxc4
0-1

[Event "Lichtenberger Sommer 2018"]
[Site "?"]
[Date "2018.08.19"]
[Round "2.38"]
[White "Nohr, Jonas"]
[Black "Otter, Nils"]
[Result "1-0"]
[WhiteElo "2100"]
[BlackElo "1794"]
[PlyCount "95"]
[EventDate "2018.??.??"]
[WhiteTeam "Königsjäger Süd-West"]
[BlackTeam "SC Kreuzberg"]

1. d4 Nf6 2. c4 e5 3. d5 Bc5 4. e3 d6 5. Nc3 O-O 6. Nge2 Bg4 7. f3 Bh5 8. Ng3
a5 9. e4 h6 10. Bd3 Na6 11. Qe2 Bg6 12. Be3 Nh5 13. Nxh5 Bxh5 14. g4 Bxe3 15.
Qxe3 Qh4+ 16. Qf2 Qxf2+ 17. Kxf2 Nc5 18. Ke3 Bg6 19. h4 h5 20. Ne2 c6 21. Ng3
b5 22. dxc6 Nxd3 23. Kxd3 bxc4+ 24. Kxc4 Rfc8 25. gxh5 Rxc6+ 26. Kd3 Bh7 27.
Rac1 Rb6 28. Rh2 d5 29. Rhc2 dxe4+ 30. fxe4 Rd8+ 31. Ke3 Rbd6 32. Rc8 Rd3+ 33.
Ke2 Rd2+ 34. Ke1 f6 35. Rxd8+ Rxd8 36. Ke2 Rd4 37. Ke3 Rb4 38. b3 a4 39. Rc4
Rxc4 40. bxc4 Kf8 41. Ne2 Bg8 42. Kd3 Bf7 43. Ng3 Be8 44. a3 Kg8 45. c5 Kh7 46.
Kc4 g6 47. hxg6+ Kxg6 48. Kd5 1-0

[Event "Lichtenberger Sommer 2018"]
[Site "?"]
[Date "2018.08.19"]
[Round "2.39"]
[White "Schönberger, Kay"]
[Black "Seitz, Patrick"]
[Result "1/2-1/2"]
[WhiteElo "1889"]
[BlackElo "1998"]
[PlyCount "73"]
[EventDate "2018.??.??"]
[WhiteTeam "SV Koblenz"]
[BlackTeam "SC Böblingen"]

1. d4 Nf6 2. c4 c5 3. d5 e6 4. Nc3 exd5 5. cxd5 d6 6. e4 g6 7. Bd3 Bg7 8. h3
O-O 9. Nf3 Re8 10. O-O a6 11. a4 Nbd7 12. Re1 Qc7 13. Bf4 Nh5 14. Bh2 Rb8 15.
g4 Nhf6 16. Qe2 h5 17. g5 Nh7 18. h4 Ne5 19. Nxe5 Bxe5 20. Bxe5 dxe5 21. Qe3
Qd6 22. a5 Bd7 23. Na4 Bxa4 24. Rxa4 f6 25. gxf6 Qxf6 26. Qxc5 Qxh4 27. Re3
Rbc8 28. Qb6 Rc1+ 29. Bf1 Kh8 30. Rg3 Nf6 31. Rxg6 Rg8 32. Rxg8+ Kxg8 33. Qe6+
Kh7 34. Qxe5 Ng4 35. Qf5+ Kg7 36. Qd7+ Kf8 37. Qd6+ 1/2-1/2

[Event "Lichtenberger Sommer 2018"]
[Site "?"]
[Date "2018.08.19"]
[Round "2.40"]
[White "Elsing, Jan"]
[Black "Neuwald, Volker"]
[Result "1-0"]
[WhiteElo "2129"]
[BlackElo "1786"]
[PlyCount "63"]
[EventDate "2018.??.??"]
[WhiteTeam "SC Friesen Lichtenberg"]
[BlackTeam "SK Ottenau"]

1. c4 c5 2. Nc3 Nc6 3. g3 Nf6 4. Bg2 g6 5. d3 Bg7 6. Bd2 O-O 7. a3 d6 8. Rb1 a6
9. b4 cxb4 10. axb4 Qc7 11. Nf3 Bd7 12. O-O Ng4 13. b5 axb5 14. Nd5 Qd8 15.
Rxb5 e6 16. Ne3 Nxe3 17. Bxe3 Qc8 18. Qd2 Na7 19. Rb6 Bc6 20. Rfb1 Qd7 21. Nd4
Bxg2 22. Kxg2 Rfb8 23. Qb4 Nc8 24. Rxb7 Rxb7 25. Qxb7 Qxb7+ 26. Rxb7 Bf8 27.
Nb5 Ra6 28. Rc7 Ne7 29. Bg5 Nf5 30. g4 Ng7 31. Rc8 e5 32. Be7 1-0

[Event "Lichtenberger Sommer 2018"]
[Site "?"]
[Date "2018.08.19"]
[Round "2.41"]
[White "Hoffmann, Rainer"]
[Black "Dathe, Frederick"]
[Result "0-1"]
[WhiteElo "1950"]
[BlackElo "2007"]
[PlyCount "54"]
[EventDate "2018.??.??"]
[WhiteTeam "SV Oberkrämer"]
[BlackTeam "SC Kreuzberg"]

1. c4 Nf6 2. Nf3 g6 3. d4 c5 4. e3 Bg7 5. Be2 O-O 6. O-O cxd4 7. exd4 d5 8. c5
Nc6 9. Nc3 Re8 10. Re1 Ne4 11. Be3 Nxc3 12. bxc3 e5 13. h3 Qa5 14. Qb3 exd4 15.
cxd4 Qb4 16. Rab1 Qxb3 17. Rxb3 Re7 18. Kf1 Bf5 19. Rc1 a6 20. Rb2 Rae8 21. Rd2
h6 22. a3 Kh7 23. g4 Bc8 24. Ne1 Rxe3 25. fxe3 Rxe3 26. Bf3 Nxd4 27. Rd3 Rxd3
0-1

[Event "Lichtenberger Sommer 2018"]
[Site "?"]
[Date "2018.08.19"]
[Round "2.42"]
[White "Kröncke, Manfred"]
[Black "Fock, Amina"]
[Result "1/2-1/2"]
[WhiteElo "2027"]
[BlackElo "1824"]
[PlyCount "96"]
[EventDate "2018.??.??"]
[WhiteTeam "SG Glückstadt"]
[BlackTeam "SC Zugzwang 95 (Berlin)"]

1. e4 c5 2. Nf3 d6 3. Bb5+ Nd7 4. O-O a6 5. Bxd7+ Bxd7 6. d4 cxd4 7. Qxd4 Nf6
8. Nc3 e5 9. Qd3 Be7 10. Bg5 Be6 11. Bxf6 Bxf6 12. Nd5 Bxd5 13. Qxd5 Qc7 14.
Rfd1 Rd8 15. c4 O-O 16. Rd3 Rc8 17. b3 Be7 18. Rad1 Qc6 19. h3 Qxd5 20. Rxd5 b6
21. Nd2 Rc6 22. Nf1 Rfc8 23. Ne3 g6 24. a4 Rb8 25. R5d3 Ra8 26. Nd5 Bf8 27. h4
Kg7 28. g4 h6 29. Kg2 a5 30. h5 Ra7 31. Nc3 Kf6 32. Kg3 Kg5 33. hxg6 fxg6 34.
Nb5 Rd7 35. Rd5 Kf6 36. R1d3 Ke6 37. f4 exf4+ 38. Kxf4 Bg7 39. Rf3 Rf7+ 40. Ke3
Rxf3+ 41. Kxf3 Be5 42. Rd1 Rc8 43. Rh1 Rf8+ 44. Ke3 Rf4 45. Rg1 Rf7 46. Rg2
Bf4+ 47. Kd3 Be5 48. Ke3 Bf4+ 1/2-1/2

[Event "Lichtenberger Sommer 2018"]
[Site "?"]
[Date "2018.08.19"]
[Round "2.43"]
[White "Namestnikov, Boris"]
[Black "Albrecht, Rainer"]
[Result "0-1"]
[WhiteElo "1916"]
[BlackElo "2083"]
[PlyCount "66"]
[EventDate "2018.??.??"]
[WhiteTeam "SK Zehlendorf"]
[BlackTeam "SC Kreuzberg"]

1. e4 d5 2. exd5 Qxd5 3. Nc3 Qd8 4. d4 Nf6 5. Nf3 Bg4 6. Be3 e6 7. Be2 c6 8. h3
Bxf3 9. Bxf3 Nbd7 10. O-O Bd6 11. Re1 O-O 12. Ne4 Nxe4 13. Bxe4 Nf6 14. Bd3 Nd5
15. Qd2 Nxe3 16. Qxe3 Qb6 17. b3 c5 18. Qe4 g6 19. Rad1 cxd4 20. Bc4 Rad8 21.
h4 e5 22. h5 Kg7 23. Rd3 f5 24. Qh4 Qc7 25. Rh3 Be7 26. Qg3 Bf6 27. Bd3 Qd7 28.
Rxe5 Qd6 29. hxg6 hxg6 30. Rxf5 Qxg3 31. Rxg3 Rde8 32. Kf1 Rh8 33. Ra5 Rh1# 0-1

[Event "Lichtenberger Sommer 2018"]
[Site "?"]
[Date "2018.08.19"]
[Round "2.45"]
[White "Ziems, Michael"]
[Black "Püschel, Werner"]
[Result "0-1"]
[WhiteElo "1813"]
[BlackElo "2034"]
[PlyCount "100"]
[EventDate "2018.??.??"]
[WhiteTeam "SV Empor Berlin"]
[BlackTeam "Lasker Steglitz-Wilmersdorf"]

1. d4 Nf6 2. c4 c5 3. dxc5 Na6 4. Nc3 Nxc5 5. Nf3 g6 6. e3 Bg7 7. Be2 O-O 8.
O-O d6 9. Nd4 a6 10. b4 Ne6 11. Bb2 Qb6 12. a3 Bd7 13. Rc1 Rfc8 14. Qb3 Qd8 15.
Rfd1 Qe8 16. a4 a5 17. Nxe6 Bxe6 18. b5 Nd7 19. Ne4 Bf5 20. Bxg7 Kxg7 21. Qb2+
Kg8 22. Nc3 Be6 23. Nd5 Bxd5 24. cxd5 Rxc1 25. Rxc1 Rc8 26. Bg4 Rxc1+ 27. Qxc1
Nc5 28. Qc3 b6 29. Qc4 Qf8 30. Bd1 Qg7 31. Qd4 f5 32. f3 Kf7 33. Kf2 Nd7 34.
Bc2 Qxd4 35. exd4 Nf6 36. Bb3 f4 37. g3 fxg3+ 38. hxg3 Nh5 39. f4 Kf6 40. Kf3
g5 41. f5 Ng7 42. g4 h5 43. Bc2 Ne8 44. gxh5 Kg7 45. Kg4 Kh6 46. f6 Nxf6+ 47.
Kf5 Nxd5 48. Ke6 Nc3 49. Kxe7 g4 50. Kxd6 g3 0-1

[Event "Lichtenberger Sommer 2018"]
[Site "?"]
[Date "2018.08.19"]
[Round "2.46"]
[White "Böttcher, Patrick"]
[Black "Baranowsky, Peter"]
[Result "0-1"]
[WhiteElo "2100"]
[BlackElo "1848"]
[PlyCount "44"]
[EventDate "2018.??.??"]
[WhiteTeam "SC Zitadelle Spandau"]
[BlackTeam "SF 1903 Berlin"]

1. d4 d5 2. c4 e6 3. Nf3 c6 4. e3 Nf6 5. Nc3 Nbd7 6. b3 Bd6 7. Bb2 b6 8. Bd3
Bb7 9. O-O Rc8 10. Qe2 O-O 11. Rac1 Re8 12. e4 e5 13. dxe5 Nxe5 14. cxd5 cxd5
15. Nxd5 Nxd5 16. Rxc8 Qxc8 17. exd5 Nc4 18. Qc2 Nxb2 19. Qxb2 Bxd5 20. Be2 Qe6
21. Bb5 Bxf3 22. gxf3 Qh3 0-1

[Event "Lichtenberger Sommer 2018"]
[Site "?"]
[Date "2018.08.19"]
[Round "2.47"]
[White "Kretzschmar, Jan"]
[Black "Heerde, Thomas"]
[Result "0-1"]
[WhiteElo "1817"]
[BlackElo "2005"]
[PlyCount "56"]
[EventDate "2018.??.??"]
[WhiteTeam "SC Kreuzberg"]
[BlackTeam "SK Zehlendorf"]

1. d4 Nf6 2. Nf3 g6 3. g3 Bg7 4. Bg2 c5 5. c4 cxd4 6. Nxd4 Nc6 7. O-O O-O 8. e4
Ng4 9. Nc2 d6 10. h3 Nge5 11. Qe2 Be6 12. Nd2 Rc8 13. Rb1 Qd7 14. Kh2 Nxc4 15.
Nxc4 Bxc4 16. Qxc4 Nd4 17. Qxd4 Bxd4 18. Nxd4 e5 19. Ne2 Qb5 20. Re1 Rc2 21.
Bf1 Qb4 22. Bh6 Rfc8 23. Bg2 Rxb2 24. Rec1 Rc6 25. Rxb2 Qxb2 26. Rxc6 bxc6 27.
Bf3 d5 28. exd5 cxd5 0-1

[Event "Lichtenberger Sommer 2018"]
[Site "?"]
[Date "2018.08.19"]
[Round "2.48"]
[White "Gräbnitz, Marc-Florian"]
[Black "Wierzbicki, Jirawat"]
[Result "0-1"]
[WhiteElo "1495"]
[BlackElo "2187"]
[PlyCount "140"]
[EventDate "2018.??.??"]
[WhiteTeam "SC Eintracht Berlin"]
[BlackTeam "SK König Tegel"]

1. d4 d5 2. Nf3 Nf6 3. Bf4 c5 4. c3 Nc6 5. e3 Qb6 6. Qb3 c4 7. Qxb6 axb6 8. Ne5
Nxe5 9. Bxe5 Nd7 10. Bg3 b5 11. Be2 e6 12. O-O b4 13. cxb4 Bxb4 14. Nc3 Bxc3
15. bxc3 Ra3 16. Bd6 Ra6 17. Bb4 Nb8 18. Rfb1 Nc6 19. Bc5 Na5 20. Bd1 Bd7 21.
Rb2 f6 22. Rab1 Kf7 23. h3 b5 24. Bc2 Rha8 25. a3 Nb7 26. Bb4 f5 27. Bd1 Kf6
28. g4 fxg4 29. Bxg4 Rh8 30. Kh2 h5 31. Bf3 g5 32. Rg1 Raa8 33. Kg3 Rag8 34.
Rbb1 Nd8 35. e4 g4 36. e5+ Kf5 37. hxg4+ hxg4 38. Bg2 Nf7 39. f3 gxf3+ 40. Kxf3
Rg4 41. Ke3 Ng5 42. Rbf1+ Kg6 43. Bf3 Rxg1 44. Rxg1 Rh3 45. Ke2 Rh2+ 46. Ke1
Kf5 47. Rf1 Kf4 48. Bd1+ Ke4 49. Be7 Nh3 50. Rf3 Nf4 51. Rg3 Nd3+ 52. Kf1 Rf2+
53. Kg1 Rd2 54. Bh5 Ra2 55. Bg6+ Kf4 56. Rg2 Rxg2+ 57. Kxg2 Ke3 58. Bg5+ Ke2
59. Bh5+ Ke1 60. Be7 Nf4+ 61. Kf3 Nxh5 62. Bb4 Ng7 63. Kg4 Kd2 64. Kg5 Nf5 65.
Kf6 Kd3 66. Kf7 Nxd4 67. Ke7 Bc6 68. cxd4 c3 69. Bxc3 Kxc3 70. Kxe6 Kxd4 0-1

[Event "Lichtenberger Sommer 2018"]
[Site "?"]
[Date "2018.08.19"]
[Round "2.49"]
[White "Sieglen, Joachim"]
[Black "Weber, Gerald"]
[Result "1-0"]
[WhiteElo "2196"]
[BlackElo "1714"]
[PlyCount "97"]
[EventDate "2018.??.??"]
[WhiteTeam "SC Untergrombach"]
[BlackTeam "SSV Rotation Berlin"]

1. d4 d5 2. c4 e6 3. Nf3 Nf6 4. g3 c6 5. Bg2 Nbd7 6. Qc2 Bd6 7. O-O h6 8. b3
O-O 9. Bb2 Rb8 10. Nbd2 b6 11. Rac1 Bb7 12. Ne5 Rc8 13. e4 Bb4 14. Nxd7 Qxd7
15. e5 Bxd2 16. Qxd2 Ne4 17. Qe3 c5 18. cxd5 exd5 19. f3 cxd4 20. Qxd4 Nc5 21.
Ba3 Ne6 22. Qd2 Rxc1 23. Rxc1 Rc8 24. Bd6 Rxc1+ 25. Qxc1 Qc6 26. Qxc6 Bxc6 27.
f4 Nd4 28. Kf2 a6 29. Ke3 Ne6 30. Kd2 Nc5 31. Bc7 b5 32. Bd6 Ne6 33. f5 Nd8 34.
Kd3 g6 35. Be7 d4 36. Bh3 Nb7 37. Kxd4 gxf5 38. Bxf5 Na5 39. Bd8 Nb7 40. Be7
Na5 41. Bf6 Bf3 42. Kc5 Kf8 43. Kb6 Nc6 44. Kxa6 Be2 45. Kb6 Nb4 46. a3 Nd5+
47. Kc5 Nc3 48. Kd4 Nd1 49. Bd3 1-0

[Event "Lichtenberger Sommer 2018"]
[Site "?"]
[Date "2018.08.19"]
[Round "2.51"]
[White "Geldner, Gerrit"]
[Black "Schulz, Olaf"]
[Result "1-0"]
[WhiteElo "1780"]
[BlackElo "2014"]
[PlyCount "75"]
[EventDate "2018.??.??"]
[WhiteTeam "vereinslos"]
[BlackTeam "vereinslos"]

1. c4 e6 2. Nf3 d5 3. cxd5 exd5 4. d4 c6 5. Nc3 Bd6 6. e3 Nf6 7. Be2 Qe7 8. O-O
O-O 9. a3 a5 10. Na4 Nbd7 11. Qc2 Ra7 12. Bd3 b5 13. Nc3 Re8 14. Nd2 Ba6 15.
Ne2 Rc7 16. Ng3 g6 17. a4 Nb6 18. b3 Ng4 19. Nf3 f5 20. Bd2 Bb4 21. Rfc1 Bxd2
22. Qxd2 Na8 23. h3 Nf6 24. Qxa5 Ne4 25. Bxe4 fxe4 26. Ne5 Bb7 27. axb5 c5 28.
b6 Rcc8 29. Ne2 cxd4 30. exd4 Qd6 31. Nc3 Nxb6 32. Nb5 Qf6 33. Qa7 Rxc1+ 34.
Rxc1 Ba8 35. Rc7 Rf8 36. Ng4 Qh4 37. Qxb6 Kh8 38. Qd6 1-0

[Event "Lichtenberger Sommer 2018"]
[Site "?"]
[Date "2018.08.19"]
[Round "2.52"]
[White "Hahlbohm, Matthias"]
[Black "Kautz, Stefan"]
[Result "1-0"]
[WhiteElo "2112"]
[BlackElo "1894"]
[PlyCount "67"]
[EventDate "2018.??.??"]
[WhiteTeam "TSG Oberschöneweide"]
[BlackTeam "SC Empor Maulwurf Bonn"]

1. e4 c5 2. Nf3 d6 3. d4 cxd4 4. Nxd4 Nf6 5. Nc3 e6 6. Be3 Be7 7. Be2 O-O 8.
O-O a6 9. a4 Qc7 10. a5 Nbd7 11. f4 b5 12. axb6 Nxb6 13. Qd3 Bb7 14. Bf3 d5 15.
e5 Nfd7 16. b3 Rfc8 17. Nce2 Nc5 18. Qd2 Ncd7 19. Ra2 g6 20. h3 Nc5 21. Rfa1
Ne4 22. Bxe4 dxe4 23. c4 Nd7 24. Kh1 Nc5 25. Nc3 Rd8 26. Qf2 Nd3 27. Qg1 Bc5
28. Na4 Bxd4 29. Bxd4 Nxf4 30. Rf1 Nh5 31. Kh2 f6 32. g4 fxe5 33. Bb6 Qd6 34.
gxh5 1-0

[Event "Lichtenberger Sommer 2018"]
[Site "?"]
[Date "2018.08.19"]
[Round "2.53"]
[White "Wörz, Markus"]
[Black "Krawatzki, Armin"]
[Result "1-0"]
[WhiteElo "2027"]
[BlackElo "1654"]
[PlyCount "53"]
[EventDate "2018.??.??"]
[WhiteTeam "SC Kreuzberg"]
[BlackTeam "Läufer Reinickendorf"]

1. e4 e6 2. d4 d5 3. Nd2 Be7 4. Bd3 Nc6 5. Ngf3 Nb4 6. Be2 c5 7. c3 Nc6 8. exd5
exd5 9. dxc5 Bxc5 10. Nb3 Be7 11. O-O Nf6 12. Bg5 O-O 13. Qd3 h6 14. Bh4 Re8
15. Rad1 Be6 16. Nbd4 Qd7 17. Nxe6 Qxe6 18. Rfe1 Rad8 19. Nd4 Qc8 20. Nf5 Ne4
21. Nxe7+ Nxe7 22. f3 Qc5+ 23. Qd4 Qxd4+ 24. Rxd4 Nc5 25. Bb5 Nc6 26. Rxe8+
Rxe8 27. Rxd5 1-0

[Event "Lichtenberger Sommer 2018"]
[Site "?"]
[Date "2018.08.19"]
[Round "2.54"]
[White "Plaza Reino, Agustin"]
[Black "Plaza Reino, Mateo"]
[Result "1-0"]
[WhiteElo "1944"]
[BlackElo "1410"]
[PlyCount "55"]
[EventDate "2018.??.??"]
[WhiteTeam "Enniscorthy Chess Club"]
[BlackTeam "Enniscorthy Chess Club"]

1. e4 e5 2. Nf3 Nc6 3. d4 exd4 4. Nxd4 Nf6 5. Nxc6 dxc6 6. Nc3 Bb4 7. Bg5 O-O
8. Bd3 Be6 9. e5 Bxc3+ 10. bxc3 Re8 11. O-O h6 12. exf6 hxg5 13. fxg7 Kxg7 14.
f4 gxf4 15. Rxf4 Qg5 16. Qf3 Bd5 17. Qf2 Rh8 18. Qd4+ f6 19. Rg4 Qxg4 20. Qxg4+
Kf8 21. Qg6 Rg8 22. Qxf6+ Bf7 23. Bc4 Rg7 24. Rf1 Rxg2+ 25. Kxg2 Kg8 26. Bxf7+
Kh7 27. Qg6+ Kh8 28. Qh6# 1-0

[Event "Lichtenberger Sommer 2018"]
[Site "?"]
[Date "2018.08.19"]
[Round "2.55"]
[White "Jimenez Jimenez, Darfo"]
[Black "Lalaev, Ashur"]
[Result "1-0"]
[WhiteElo "1778"]
[BlackElo "1656"]
[PlyCount "41"]
[EventDate "2018.??.??"]
[WhiteTeam "Lacorrala-Lawapys"]
[BlackTeam "TuS Makkabi Berlin"]

1. e4 c5 2. Nf3 Nc6 3. d4 cxd4 4. c3 dxc3 5. Nxc3 d6 6. Bc4 Ne5 7. Nxe5 dxe5 8.
Bxf7+ Kxf7 9. Qxd8 e6 10. O-O Be7 11. Qc7 Nf6 12. f4 exf4 13. e5 Nd7 14. Bxf4
Kg6 15. Ne4 Bd8 16. Qc2 Bb6+ 17. Kh1 Kf7 18. Nd6+ Ke7 19. Bg5+ Nf6 20. exf6+
Kxd6 21. Rad1+ 1-0

[Event "Lichtenberger Sommer 2018"]
[Site "?"]
[Date "2018.08.19"]
[Round "2.56"]
[White "Kreuchauf, Olaf"]
[Black "Jecht, Christian"]
[Result "1/2-1/2"]
[WhiteElo "1674"]
[BlackElo "1914"]
[PlyCount "59"]
[EventDate "2018.??.??"]
[WhiteTeam "SC Eintracht Berlin"]
[BlackTeam "SC Bavaria Regensburg von 1881"]

1. c4 Nf6 2. Nc3 e6 3. e4 d5 4. e5 d4 5. exf6 dxc3 6. fxg7 cxd2+ 7. Bxd2 Bxg7
8. Qb3 Qf6 9. Bc3 Qg6 10. Nf3 O-O 11. Be2 Nc6 12. Bxg7 Qxg7 13. O-O e5 14. Rfc1
Re8 15. Bf1 b6 16. Rc3 Kh8 17. Ne1 Nd4 18. Qd1 Bf5 19. Rg3 Qh6 20. Qc1 Qxc1 21.
Rxc1 c5 22. Nd3 Re6 23. Re3 Rae8 24. f4 exf4 25. Rxe6 Nxe6 26. Ne5 Kg7 27. Nc6
Be4 28. Nxa7 Ra8 29. Nb5 Bc6 30. Nc3 1/2-1/2